00431nam a2200181Ia 4500008004100000020001800041050001400059100001400073245001800087245005000105260001500155260001600170260000900186300001600195300002000211300001000231500000800241170918s9999 xx 000 0 und d a9780545511438 bB317 2011 aBass, Guy aStitch head / cby Guy Bass ; illustrated by Pete Williamson. aNew York : bScholastic, c2011 a190 pages : billustrations ; c20cm. a710